000 00671nam a2200241Ia 4500
005 20250425162122.0
008 250425s9999 xx 000 0 und d
020 _a8497321049
041 _aspa
082 _a629.2
100 _aALONSO PEREZ, JOSE MANUEL
245 0 _aTECNICAS DEL AUTOMOVIL: INYECCION DE GASOLINA Y DISPOSITIVOS ANTICONTAMINACION
250 _a2A ED.
260 _aMEXICO
260 _aMéxico
_bPARANINFO : THOMSON LEARNING
_c2002
300 _a196
650 _aINYECCION DE GASOLINA
650 _aINYECCION ELECTRONICA
650 _aSISTEMAS ANTICONTAMINANTES
650 _aSISTEMAS DE INYECCION
942 _c01
010 _a51145
999 _c222697
_d222697